000 00705nam a2200217 a 4500
999 _c2920
_d2920
001 2920
003 BD-JhCC
005 20171108124127.0
008 171108s1977 bg |||| |||| 000 0 ben d
035 _a(BD-JhCC) 2920
040 _aBD-JhCC
_dBD-JhCC
041 _aben
082 _a297
_bAZR 1977
100 _aআজরফ, মোহাম্মদ
245 _aজীবন-সমস্যার সমাধানে ইসলাম /
_cমোহাম্মদ আজরফ
260 _aঢাকা :
_bইসলামিক ফাউন্ডেশন,
_c১৯৭৭.
300 _a১১৪ পৃ. :
_c২১ সেমি.
650 _aIslam for life
942 _2ddc
_cBK